Alle deutschen Parteien - Statistiken

Allgemein
  • Dieses Quiz wurde 401 mal gespielt
  • Das Durchschnittsergebnis liegt bei 20 aus 90
Antwortstatistiken
Gründungsjahr Partei % Korrekt
1950 Christlich Demokratische Union Deutschlands
99%
1863 Sozialdemokratische Partei Deutschlands
98%
2013 Alternative für Deutschland
96%
1980 Bündnis 90/Die Grünen
96%
1948 Freie Demokratische Partei
95%
2007 Die Linke
93%
2024 Bündnis Sahra Wagenknecht
83%
1946 Christlich-Soziale Union in Bayern
80%
1964 Die Heimat
67%
2018 Volt Deutschland
66%
2004 Partei für Arbeit, Rechtsstaat, Tierschutz,Elitenförderung und basisdemokratische Initiative
65%
2006 Piratenpartei Deutschland
62%
2008 Brandenburger Vereinigte Bürgerbewegung/Freie Wähler
59%
2009 Freie Wähler
59%
2017 Aktion Partei für Tierschutz
58%
1990 Kommunistische Partei Deutschlands
51%
1982 Marxistisch-Leninistische Partei Deutschlands
40%
1870 Deutsche Zentrumspartei
39%
2013 DER DRITTE WEG
39%
1946 Bayernpartei
30%
1981 Ökologisch-Demokratische Partei
30%
2020 Basisdemokratische Partei Deutschlands
27%
1968 Deutsche Kommunistische Partei
25%
2024 Werteunion
24%
2012 DIE RECHTE - Partei für Volksabstimmung,Souveränität und Heimatschutz
21%
2015 Partei der Humanisten
21%
1983 Die Republikaner
20%
2022 Bündnis Deutschland
18%
2020 Die Gerechtigkeitspartei - Team Todenhöfer
18%
2020 Partei des Fortschritts
18%
1981 Familien-Partei Deutschlands
16%
1981 Anarchistische Pogo-Partei Deutschlands
15%
2015 Bündnis C - Christen für Deutschland
15%
2017 Die Grauen - Für alle Generationen
15%
1948 Südschleswigscher Wählerverband
15%
2021 MERA25
14%
2021 Freie Sachsen
13%
2008 Graue Panther
13%
2015 Partei für schulmedizinische Verjüngungsforschung
13%
2016 V-Partei³ - Partei für Veränderung, Vegetarierund Veganer
12%
1971 Sozialistische Gleichheitspartei/Vierte Internationale
11%
1986 Bürgerrechtsbewegung Solidarität
10%
2013 Gartenpartei
10%
1995 Feministische Partei Die Frauen
9%
2001 Die Violetten - für spirituelle Politik
8%
2009 Partei der Vernunft
8%
1993 Partei Mensch Umwelt Tierschutz
8%
2018 Europäische Partei Liebe
7%
1990 Deutsche Soziale Union
6%
2018 Die neue Mitte
6%
2017 Die Urbane. Eine HipHop Partei
6%
2020 Klimaliste Berlin
6%
2021 Klimaliste Deutschland
6%
2021 Klimaliste Sachsen-Anhalt
6%
1982 Liberale Demokraten - Die Sozialliberalen
6%
2021 Lobbyisten für Kinder
6%
2013 Menschliche Welt - für das Wohl und Glücklich-Sein aller
6%
2021 diePinken/Bündnis21
5%
2021 DIE SONSTIGEN
5%
2016 Wir Bürger
5%
1997 Ab jetzt… Demokratie durch Volksabstimmung
4%
2010 Bündnis für Innovation und Gerechtigkeit
4%
1999 Demokratische Linke
4%
2015 Deutsche Sportpartei
4%
2024 Deutsch Land Wirtschaft
4%
2013 Ökolinksliberale Demokratische Partei
4%
1991 Ökologische Linke
4%
2002 Unabhängige für bürgernahe Demokratie
4%
2020 WiR2020
4%
2020 Aktion Bürger für Gerechtigkeit
3%
2014 Allianz für Menschenrechte, Tier- und Naturschutz
3%
2011/2005 bergpartei, die überpartei
3%
? Die Haie - Partei mit Biss
3%
2020 Eine für Alle - Partei
3%
2011 Freie Bürger Mitteldeutschland
3%
2021 Grundeinkommen für Alle
3%
2016 Mieterpartei/Bündnis Berlin
3%
? Moderne Soziale Partei
3%
2020 Neo. Wohlstand für alle
3%
2020 SGV - Solidarität, Gerechtigkeit, Veränderung
3%
2020 Thüringer Heimatpartei
3%
2017 Zukunft.
3%
2021 Bildet Berlin!
2%
2017 Bündnis Grundeinkommen
2%
2021 Bürgerbewegung für Fortschritt und Wandel
2%
2017 Demokratie in Bewegung
2%
2021 Die neuen Demokraten
2%
2018 Freiparlamentarische Allianz
2%
2016 Freier Horizont
2%
2018 Demokratie Direkt
1%
Keine übereinstimmenden Quizze gefunden
Verteilung der Resultate
Anzahl Personen mit jedem Resultat
Perzentil nach korrekt beantworteten Fragen
Ihre Resultats-Entwicklung
Sie haben dieses Quiz noch nicht gespielt